| Поле | Инд. | ПП | Название | Значение |
|---|---|---|---|---|
| Тип записи | a | |||
| Библиографический уровень | m | |||
| 001 | Контрольный номер | 799a2812-fd64-4bdf-9cba-6898ec1862a7 | ||
| 005 | Дата корректировки | 20140703142801.5 | ||
| 008 | Кодируемые данные | 051228 | ||
| 020 | c | Цена, тираж | 39.00 | |
| 040 | a | Служба первич. каталог. | НБ ТвГУ | |
| 041 | a | Код языка текста | rus | |
| 080 | a | Индекс УДК | 94(470.331-37Старица) | |
| 084 | a | Индекс другой классификации/Индекс ББК | Т3(2Рос-4Тве-2Ста) | |
| 090 | x | Авторский знак | Ш64 | |
| a | Полочн. индекс | Т3(2Рос) | ||
| 100 | 1_ | a | Автор | Шитков Александр Владимирович |
| 245 | 00 | a | Заглавие | Владимир Старицкий - воевода ХVI века |
| c | Ответственность | Александр Шитков | ||
| 260 | 0_ | a | Место издания | Старица |
| b | Издательство | Старицкая типография | ||
| c | Дата издания | 2005 | ||
| 300 | a | Объем | 55, [1] с. | |
| b | Иллюстрации/ тип воспроизводства | ил. | ||
| 504 | a | Библиография | Библиогр.: с. 50-56. | |
| 583 | a | Действие | Получение впервые 440 28.12.2005 | |
| k | Исполнитель действия | Дар Шиткова А.В. | ||
| 583 | a | Действие | Приписка 115 22.05.2007 | |
| k | Исполнитель действия | Дар Горевого Г.С. | ||
| 650 | a | Основная рубрика | Старица, город | |
| x | Основная подрубрика | История | ||
| y | Хронологическая подрубрика | 16 в. | ||
| z | Географическая подрубрика | Тверская область | ||
| 653 | a | Ключевые слова | Владимир Старицкий | |
| a | Ключевые слова | Старица | ||
| a | Ключевые слова | История Тверской области | ||
| a | Ключевые слова | Тверская область | ||
| a | Ключевые слова | Краеведение | ||
| 852 | t | Порядковый номер экземпляра | 1 | |
| p | Инвентарный номер | 832293 | ||
| 852 | t | Порядковый номер экземпляра | 1 | |
| p | Инвентарный номер | 876061 45.00 | ||
| 863 | t | 00161942 | ||
| 888 | a | Бесплатные | ||
| 930 | a | Новая/Ретро | краеведение | |
| 952 | p | 440.2005 39.00 1 832293 | ||
| p | 115.2007 45.00 1 876061 | |||
| c | Вид литературы | К рн | ||
| 954 | a | Дата поступления на обработку | 20060331 | |
| 999 | a | Подразделение 2 | ОРК | |
| a | Подразделение 2 | Фил4 |